Equipe de Portugal de Football-Tous les joueurs (2000-...) - Statistiques

Statistiques générales
  • Ce quiz a été pris 277 fois
  • Le résultat moyen est 51 sur 169
Statistiques - réponses
Première sélection Dernière sélection Nombre de sélection Joueur % Correct
2003 164 Cristiano Ronaldo
98%
2007 108 Pepe
90%
1991 2006 127 Luis Figo
88%
2015 43 Bernardo Silva
83%
2014 26 Adrien Silva
80%
2016 34 André Silva
80%
2010 87 Rui Patricio
79%
2002 2002 2 Jorge Silva
78%
2000 2000 1 Jorge Silva
78%
2002 2002 1 Mario Silva
78%
2006 112 Nani
77%
2003 80 Ricardo Quaresma
77%
2003 2016 89 Ricardo Carvalho
73%
2003 2010 75 Deco
70%
2013 59 Wiliam Carvalho
70%
2009 1 Orlando Sa
69%
1993 2004 94 Rui Costa
68%
2017 19 Bruno Fernandes
66%
2005 121 Joao Moutinho
66%
2018 1 Helder Costa
64%
2015 7 Anthony Lopes
63%
1992 2002 50 Jorge Costa
63%
2005 2014 22 Ricardo Costa
63%
2012 4 Miguel Lopes
62%
2017 2 Rony Lopes
62%
2014 39 Raphaël Guerreiro
60%
2012 35 Eder
59%
2018 9 Mario Rui
59%
2005 15 Manuel Fernandes
58%
2018 2 Gedson Fernandes
57%
1997 2006 88 Pedro Miguel Pauleta
57%
2016 18 Renato Sanches
57%
2007 2009 2 Daniel Fernandes
56%
2016 16 Joao Cancelo
56%
2015 37 Danilo Pereira
55%
1996 2011 79 Nuno Gomes
55%
2019 5 Joao Felix
54%
2018 17 Ruben Dias
54%
2014 29 André Gomes
52%
2009 52 Fabio Coentrao
51%
2015 7 Ricardo Pereira
51%
2010 2014 40 Joao Pereira
50%
2014 42 Jose Fonte
50%
2014 1 Tiago Gomes
50%
2015 13 Nelson Semedo
47%
2007 2018 96 Bruno Alves
46%
2014 45 Joao Mario
46%
2003 2009 52 Maniche
44%
2015 16 Ruben Neves
43%
1995 2000 9 Dani
42%
2002 2010 12 Pedro Mendes
42%
2018 1 Pedro Mendes
42%
2019 2 Diogo Jota
40%
2005 2005 3 Joao Alves
39%
2001 2008 79 Ricardo
39%
2015 21 Gonçalo Guedes
38%
2015 2 Lucas Joao
38%
2003 2014 71 Hélder Postiga
36%
2002 2010 62 Paulo Ferreira
36%
2014 17 Rafa
35%
2014 33 Cedric
34%
2004 2015 57 Hugo Almeida
34%
1990 2002 80 Vitor Baia
34%
2002 2002 3 Marco Ferreira
33%
2017 1 Ricardo Ferreira
33%
2013 8 André Almeida
32%
1998 2006 53 Costinha
32%
2002 2002 2 Romeu Almeida
32%
2005 2005 1 Paulo Santos
31%
2011 2 André Santos
30%
1997 2004 31 Beto
30%
2009 16 Beto
30%
2007 2012 27 José Bosingwa
30%
2006 2014 76 Raul Meireles
30%
2015 4 André André
29%
1990 2004 110 Fernando Couto
29%
2002 2002 1 Joao Manuel Pinto
29%
1991 2002 81 Joao Vieira Pinto
29%
2002 2015 66 Tiago
29%
1994 2001 45 Ricardo Sa Pinto
28%
2015 1 André Pinto
27%
2003 2010 59 Miguel
27%
2018 1 Claudio Ramos
26%
1996 2003 56 Sérgio Conceiçao
24%
1993 2002 20 Abel Xavier
23%
2001 2008 57 Petit
23%
2016 21 Gelson Martins
22%
2012 17 Nélson Oliveira
21%
2018 3 Sergio Oliveira
21%
2013 2 André Martins
20%
2006 2013 17 Carlos Martins
20%
2009 2016 36 Eduardo
20%
2001 2007 51 Jorge Andrade
20%
2007 2015 56 Miguel Veloso
20%
2015 1 Paulo Oliveira
20%
1994 2004 45 Rui Jorge
20%
2008 2016 38 Danny
19%
2019 2 Dyego Sousa
18%
2013 19 Luis Neto
18%
2012 17 Pizzi
18%
2009 21 Rolando
18%
2009 2017 29 Eliseu
17%
1991 2002 51 Paulo Sousa
17%
2010 2015 27 Silvestre Varela
17%
2013 25 Vieirinha
17%
2003 2003 1 Bruno Vale
16%
2009 2010 15 Liédson
16%
2014 1 Ricardo Horta
16%
2017 9 Bruma
15%
2017 3 Kévin Rodrigues
14%
1992 2002 35 Paulo Bento
14%
1999 2008 32 Quim
14%
1991 2001 6 Rui Bento
13%
1998 2010 85 Simao Sabrosa
13%
2000 2008 54 Fernando Meira
12%
2010 2014 14 Ruben Amorim
12%
1995 2001 10 Fernando Nelson
11%
2002 2008 9 Jorge Ribeiro
11%
2009 2012 4 Nélson
11%
2002 2002 3 Nelson
11%
2001 2009 28 Luis Boa Morte
10%
2014 2 Ivan Cavaleiro
9%
2009 2009 1 José Moreira
9%
1996 2002 34 Nuno Capucho
9%
2017 2 Gonçalo Paciencia
8%
2007 13 Vitorino Antunes
8%
2010 2010 1 Yannick Djalo
8%
2005 2005 3 Alex
7%
2012 2012 1 Hélder Barbosa
7%
2001 2012 29 Hugo Viana
7%
2002 2008 25 Marco Caneira
7%
2001 2005 17 Nuno Frechaut
7%
2002 2006 33 Nuno Valente
7%
1992 2002 22 Pedro Barbosa
7%
2012 2013 10 Custodio
6%
2010 2010 1 Henrique Hilario
6%
2000 2002 15 José Luis Vidigal
6%
2007 2008 4 Ariza Makukula
5%
1994 2001 35 Carlos Secretario
5%
2015 1 Daniel Carriço
5%
2007 2010 18 Duda
5%
2009 2014 6 Edinho
5%
2017 1 José Marafona
5%
2013 4 Josué
5%
2010 6 Paulo Machado
5%
2010 2013 8 Silvio
5%
2009 2009 1 Zé Castro
5%
2000 2000 1 Delfim
4%
2017 1 Edgar Ié
4%
2002 2006 6 Ricardo Rocha
4%
2009 2009 2 Gonçalo Brandao
3%
2000 2007 4 Joao Tomas
3%
2013 1 Lica
3%
1998 2000 6 Pedro Espinha
3%
2003 2005 5 Rogério Matias
3%
2011 16 Ruben Michael
3%
2006 2010 2 Tonel
3%
2000 2002 3 Bino
2%
2013 2013 2 Henrique Sereno
2%
2003 2003 6 Luis Loureiro
2%
2002 2009 2 Nuno Assis
2%
2015 1 Ukra
2%
2008 2008 1 César Peixoto
1%
1995 2002 44 Dimas Texeira
1%
1992 2001 35 Hélder Cristovao
1%
1999 2001 6 Litos
1%
2002 2002 2 Neca
1%
2000 2000 1 Paulo Cabral
1%
2003 2003 3 Silas
1%
Aucun quiz correspondant
Distribution des résultats
% des personnes avec chaque résultat
Percentile par nombre de réponses
Votre historique - résultats
Vous n’avez pas pris ce quiz